| 000 | 01330cam a22003254a 4500 | ||
|---|---|---|---|
| 001 | 12196918 | ||
| 005 | 20161018105814.0 | ||
| 008 | 001006s2001 inua b s001 0 eng | ||
| 010 | _a 00050640 | ||
| 020 | _a025333909X (cloth : alk. paper) | ||
| 020 | _a0253214513 (pbk. : alk. paper) | ||
| 040 |
_aDLC _cDLC _dDLC |
||
| 042 | _apcc | ||
| 043 | _af-tz--- | ||
| 050 | 0 | 0 |
_aDT443.3.M37H63 2001 _bH63 2001 |
| 082 | 0 | 0 | _221 |
| 100 | 1 | _aHodgson, Dorothy Louise. | |
| 245 | 1 | 0 |
_aOnce intrepid warriors : _bgender, ethnicity, and the cultural politics of Maasai development / _cDorothy L. Hodgson. |
| 260 |
_aBloomington : _bIndiana University Press, _cc2001. |
||
| 300 |
_axiv, 333 p. : _bill. ; _c25 cm. |
||
| 504 | _aIncludes bibliographical references (p. 309-326) and index. | ||
| 650 | 0 |
_aMaasai (African people) _xSocial conditions. |
|
| 650 | 0 |
_aMaasai (African people) _xEthnic identity. |
|
| 650 | 0 |
_aRural development _zTanzania. |
|
| 650 | 0 | _aWomen, Maasai. | |
| 856 | 4 | 2 |
_3Book review (H-Net) _uhttp://www.h-net.org/review/hrev-a0c8w8-aa |
| 906 |
_a7 _bcbc _corignew _d1 _eocip _f20 _gy-gencatlg |
||
| 942 |
_2lcc _cBOOKS _hDT443.3.M37H63 2001 |
||
| 999 |
_c15019 _d15019 |
||